Catálogo público

La ciencia y el azar : (Record no. 171391)

MARC details
000 -CABECERA
campo de control de longitud fija 02637nam a2200361 a 4500
001 - NÚMERO DE CONTROL
campo de control dia_842
003 - IDENTIFICADOR DEL NÚMERO DE CONTROL
campo de control CHAP
005 - FECHA Y HORA DE LA ÚLTIMA TRANSACCIÓN
campo de control 20260216124804.0
007 - CAMPO FIJO DE DESCRIPCIÓN FÍSICA--INFORMACIÓN GENERAL
campo de control de longitud fija ta
008 - DATOS DE LONGITUD FIJA--INFORMACIÓN GENERAL
campo de control de longitud fija 220117s2025 sp abcogs 001 0 spa d
010 ## - NÚMERO DE CONTROL DE LA BIBLIOTECA DEL CONGRESO
Número de control de LC 171391
020 ## - NÚMERO INTERNACIONAL ESTÁNDAR DEL LIBRO
Número Internacional Estándar del Libro 979-13-87556-25-9
040 ## - FUENTE DE LA CATALOGACIÓN
Centro/agencia transcriptor CHAP
Centro catalogador/agencia de origen mxchpua
Normas de descripción rda
050 1# - SIGNATURA TOPOGRÁFICA DE LA BIBLIOTECA DEL CONGRESO
Número de documento/Ítem .O78 C54 2025
082 ## - NÚMERO DE LA CLASIFICACIÓN DECIMAL DEWEY
Número de edición 20
Número de clasificación 808.849356
Número de documento/Ítem O78 C54 2025
100 1# - ENTRADA PRINCIPAL--NOMBRE DE PERSONA
Nombre de persona Ortega, Mireia
9 (RLIN) 191609
245 13 - MENCIÓN DE TÍTULO
Título La ciencia y el azar :
Resto del título la historia de los descubrimientos casuales que cambiaron el mundo /
Mención de responsabilidad, etc. Mireia Ortega
250 ## - MENCIÓN DE EDICIÓN
Mención de edición 1a edición
300 ## - DESCRIPCIÓN FÍSICA
Extensión 210 páginas :
Otras características físicas ilustraciones, mapas, fotos
504 ## - NOTA DE BIBLIOGRAFÍA, ETC.
Nota de bibliografía, etc. Bibliografía: páginas 198-209
520 2# - SUMARIO, ETC.
Sumario, etc. ¿Qué tienen en común el descubrimiento de la penicilina, los rayos X y el velcro? Todos ellos son fruto del azar, de ese momento mágico en que un científico se encuentra inesperadamente con algo completamente diferente de lo que buscaba inicialmente.<br/>La nueva obra de la divulgadora Mireia Ortega nos sumerge en un fascinante recorrido por algunos de los descubrimientos más importantes de la historia de la ciencia que surgieron por pura casualidad. Desde 1669 con el descubrimiento del fósforo blanco hasta finales 1998 con el desarrollo inesperado de la viagra, el libro nos muestra cómo la serendipia juega un papel fundamental en el progreso científico.<br/>A través de catorce capítulos que recorren más de tres siglos de historia, La ciencia y el azar desmitifica la idea de que los grandes descubrimientos son resultado únicamente de una planificación meticulosa. Cada capítulo nos revela cómo las coincidencias combinadas con la preparación y el ojo crítico y perspicaz de los investigadores pueden transformar un simple accidente en un avance revolucionario. Se trata de un homenaje a la curiosidad, la observación y ese punto de suerte que a veces marca la diferencia entre un experimento rutinario y un hallazgo que altera el transcurso de la historia.<br/>Un libro imprescindible para los amantes de la ciencia, que nos recuerda que a veces la verdadera innovación surge cuando menos lo esperamos.
650 10 - PUNTO DE ACCESO ADICIONAL DE MATERIA--TÉRMINO DE MATERIA
Término de materia o nombre geográfico como elemento de entrada Ensayo
Subdivisión general atg
9 (RLIN) 153131
650 10 - PUNTO DE ACCESO ADICIONAL DE MATERIA--TÉRMINO DE MATERIA
Término de materia o nombre geográfico como elemento de entrada Literatura española
Subdivisión general Siglo XXI
9 (RLIN) 160139
Fuente del encabezamiento o término atg
650 10 - PUNTO DE ACCESO ADICIONAL DE MATERIA--TÉRMINO DE MATERIA
Término de materia o nombre geográfico como elemento de entrada Ciencia
Fuente del encabezamiento o término atg
Subdivisión general Casualidad
9 (RLIN) 23107
650 10 - PUNTO DE ACCESO ADICIONAL DE MATERIA--TÉRMINO DE MATERIA
Término de materia o nombre geográfico como elemento de entrada Essay
Fuente del encabezamiento o término atg
9 (RLIN) 153132
650 10 - PUNTO DE ACCESO ADICIONAL DE MATERIA--TÉRMINO DE MATERIA
Término de materia o nombre geográfico como elemento de entrada Spanish literature
Subdivisión cronológica 21st century
Fuente del encabezamiento o término atg
9 (RLIN) 160141
650 10 - PUNTO DE ACCESO ADICIONAL DE MATERIA--TÉRMINO DE MATERIA
Término de materia o nombre geográfico como elemento de entrada Science
Fuente del encabezamiento o término atg
Subdivisión general Chance
9 (RLIN) 191611
856 41 - LOCALIZACIÓN Y ACCESO ELECTRÓNICOS
Texto de enlace LIBRO EN PDF
Identificador Uniforme del Recurso <a href="http://10.13.5.2/libros/ISBN_979-13-87556-25-9.pdf">http://10.13.5.2/libros/ISBN_979-13-87556-25-9.pdf</a>
901 ## - ELEMENTOS DE DATOS A LOCAL LDA (RLIN)
a 808.849356 O54 C54 2025
902 ## - ELEMENTOS DE DATOS B LOCAL, LDB (RLIN)
a M
905 ## - ELEMENTOS DE DATOS E LOCAL, LDE (RLIN)
a 0000001982 mx 0000000000spa00
942 ## - ELEMENTOS DE PUNTO DE ACCESO ADICIONAL (KOHA)
Tipo de ítem Koha Libro Electrónico
Fuente del sistema de clasificación o colocación Dewey Decimal Classification
Holdings
Estado de retiro Estado de pérdida Fuente del sistema de clasificación o colocación Estado dañado No para préstamo Código de colección Localización permanente Ubicación/localización actual Fuente de adquisición Número de inventario Total de préstamos Signatura topográfica completa Código de barras Fecha visto por última vez Tipo de ítem Koha
    Dewey Decimal Classification     Literatura Ingenieria Agroindustrial Ingenieria Agroindustrial Donación Donación   808.849356 O78 C54 2025 1208016377 18/01/2022 Libros - Acceso Abierto